[Event "RUS-ch U18"]
[Site "Dagomys"]
[Date "2004.04.??"]
[Round "9"]
[White "Abubekerov, Oleg"]
[Black "Kotov, Viktor"]
[Result "0-1"]
[WhiteElo "2282"]
[BlackElo "2335"]
[PlyCount "70"]
[EventDate "2004.04.??"]
[EventType "swiss"]
[EventRounds "10"]
[EventCountry "RUS"]
[SourceTitle "EXT 2005"]
[Source "ChessBase"]
[SourceDate "2004.11.15"]
[SourceVersion "1"]
[SourceVersionDate "2004.11.15"]
[SourceQuality "1"]

1. e4 c5 2. Nf3 Nc6 3. d3 e6 4. g3 d5 5. Nbd2 g6 6. Bg2 Bg7 7. 0-0 Nge7 8. Re1 b6 9. c3 a5 10. Qc2 Ba6 11. exd5 exd5 12. Nf1 0-0 13. Bf4 a4 14. Ne5 a3 15. b3 g5 16. Nxc6 Nxc6 17. Be3 h6 18. Rad1 Rc8 19. Bc1 Qf6 20. Bd2 Ne5 21. Bc1 Nf3+ 22. Bxf3 Qxf3 23. Re3 Qf5 24. Bxa3 d4 25. Re7 dxc3 26. Ne3 Qf3 27. Nc4 Rce8 28. Rde1 Bb7 29. R7e4 Bd4 30. Nd6 Bxe4 31. dxe4 Re6 32. Nf5 Rd8 33. e5 Rxe5 34. Nxh6+ Kg7 35. Nf5+ Rxf5 0-1

[Event "RUS-ch U18"]
[Site "Dagomys"]
[Date "2004.04.??"]
[Round "2"]
[White "Pervushov, Maksim"]
[Black "Abubekerov, Oleg"]
[Result "1-0"]
[WhiteElo "2360"]
[BlackElo "2282"]
[PlyCount "70"]
[EventDate "2004.04.??"]
[EventType "swiss"]
[EventRounds "10"]
[EventCountry "RUS"]
[SourceTitle "EXT 2005"]
[Source "ChessBase"]
[SourceDate "2004.11.15"]
[SourceVersion "1"]
[SourceVersionDate "2004.11.15"]
[SourceQuality "1"]

1. e4 d6 2. d4 Nf6 3. Nc3 g6 4. f3 Bg7 5. Be3 Nbd7 6. Qd2 c6 7. a3 Qc7 8. 0-0-0 Nb6 9. g4 Be6 10. b3 a5 11. a4 h5 12. g5 Nfd7 13. Bd3 Nb8 14. f4 Na6 15. Nge2 Nb4 16. Rhf1 Bh3 17. Rf2 d5 18. Re1 0-0-0 19. e5 Nxd3+ 20. Qxd3 Bf5 21. Qd2 Nd7 22. Kb2 f6 23. Ng3 Bg4 24. h4 f5 25. Nge2 e6 26. Nc1 Bf8 27. Nd3 b6 28. Rc1 Nb8 29. Nb1 Na6 30. Ka1 Kd7 31. c4 Bb4 32. Qb2 Qb7 33. Bd2 Bxd2 34. Nxd2 Ke7 35. b4 axb4 1-0